| 000 | 00331nam a2200121Ia 4500 | ||
|---|---|---|---|
| 008 | 231228s1994 xx 000 0 und d | ||
| 041 | _aeng | ||
| 082 |
_a4.6 _bENG |
||
| 100 | _aENGSI (A.C.) / LOW (C) / SIMON (M.A.) | ||
| 245 | _aInternet Starter Kit for Windows | ||
| 260 |
_aNew Delhi _bHAYDEN BOOK A _c1994 |
||
| 300 | _aXXI,608 | ||
| 999 |
_c1084917 _d1084917 |
||